000 00563nam a22001457a 4500
999 _c532821
_d532821
008 260320b ||||| |||| 00| 0 eng d
100 _aTilak, Jandhyala B. G.
_959805
245 _aResearch handbook on academic labour markets
260 _aThe Developing Economies
300 _a63(3), Sep, 2025: p.290-292
520 _a Glenda Strachan, Cheltenham, Edward Elgar Publishing, 2024, xviii + 380 pp.- Reproduced https://onlinelibrary.wiley.com/doi/10.1111/deve.12441
773 _aThe Developing Economies
906 _aBOOK REVIEW
942 _cAR